LEADER 01136cam0-22003971i-450- 001 990004341090403321 005 20100506110147.0 035 $a000434109 035 $aFED01000434109 035 $a(Aleph)000434109FED01 035 $a000434109 100 $a19990604d1974----km-y0itay50------ba 101 0 $aita 102 $aIT 105 $ay-------001yy 200 1 $a<>origini dei sindacati fascisti$e1918-1926$fFerdinando Cordova 210 $aRoma$aBari$cLaterza$d1974 215 $aVI, 482 p.$d21 cm 225 1 $aBiblioteca di cultura moderna$v763 676 $a331.88$v21$zita 676 $a331.8 700 1$aCordova,$bFerdinando$f<1938- >$0170668 801 0$aIT$bUNINA$gRICA$2UNIMARC 901 $aBK 912 $a990004341090403321 952 $aSE 035.02.06-$b2831$fDECSE 952 $aColl. 40(763)$bBibl.49038$fFLFBC 952 $aCOLLEZ. 13 (763)$b28076$fFSPBC 952 $a331.88 COR 1$bI.st.r.c.1437$fFLFBC 952 $aDPR 28-319$b5083$fDEC 959 $aFLFBC 959 $aDECSE 959 $aFSPBC 959 $aDEC 996 $aOrigini dei sindacati fascisti$9486448 997 $aUNINA LEADER 01593nam a2200373 i 4500 001 991000814579707536 005 20020506124605.0 008 941011s1993 ne ||| | eng 020 $a0792324579 035 $ab10133409-39ule_inst 035 $aLE00637291$9ExL 040 $aDip.to Fisica$bita 084 $a53.1.34 084 $a510:53 084 $a510.35 084 $a510.44 084 $a510.45 084 $a515'.355 084 $aQA377.A66 111 2 $aNATO Advanced Research Workshop on applications of analytic and geometric methods to nonlinear differential equations$0461105 245 10$aApplications of analytic and geometric methods to nonlinear differential equations :$bproceedings of the NATO Advanced Research Workshop held at Exeter, U.K., July 14-19, 1992 /$cedited by Peter A. Clarkson 260 $aDordrecht :$bKluwer Academic Publishers,$cc1993 300 $ax, 477 p. :$bill. ;$c25 cm. 490 0 $aNATO ASI Series. Series C, Mathematical and physical sciences ;$v413 500 $aIncludes bibliographical references and indexes. 650 4$aDifferential equations, nonlinear-Numerical solutions$xCongresses 700 1 $aClarkson, Peter A. 710 2 $aNATO-ASI 907 $a.b10133409$b17-02-17$c27-06-02 912 $a991000814579707536 945 $aLE006 53.1.3 CLA$g1$i2006000040518$lle006$o-$pE0.00$q-$rl$s- $t0$u0$v0$w0$x0$y.i10156884$z27-06-02 996 $aApplications of analytic and geometric methods to nonlinear differential equations$9185941 997 $aUNISALENTO 998 $ale006$b01-01-94$cm$da $e-$feng$gne $h0$i1